ARRUPE JESUIT UNIVERSITY

CORONAVIRUS -STOP THE SPREAD - CLEAN,DISINFECT,COVER

Ngorongoro's animal life; (Record no. 120744)

MARC details
000 -LEADER
fixed length control field 01115cam a2200289 4500
001 - CONTROL NUMBER
control field 4550079
003 - CONTROL NUMBER IDENTIFIER
control field ARRUPE
005 - DATE AND TIME OF LATEST TRANSACTION
control field 20140612141113.0
008 - FIXED-LENGTH DATA ELEMENTS--GENERAL INFORMATION
fixed length control field 710716s1966 tz ab 000 0 eng
010 ## - LIBRARY OF CONGRESS CONTROL NUMBER
LC control number 71560162
025 ## - OVERSEAS ACQUISITION NUMBER
Overseas acquisition number TZ-E-24
040 ## - CATALOGING SOURCE
Original cataloging agency DLC
Transcribing agency DLC
Modifying agency DLC
043 ## - GEOGRAPHIC AREA CODE
Geographic area code f-tz---
050 00 - LIBRARY OF CONGRESS CALL NUMBER
Classification number QL731.T35
Item number N45
082 00 - DEWEY DECIMAL CLASSIFICATION NUMBER
Classification number 599/.09/67826
300 ## - PHYSICAL DESCRIPTION
Other physical details illus., col. map.
Dimensions 22 cm.
245 00 - TITLE STATEMENT
Title Ngorongoro's animal life;
Remainder of title a checklist of the mammals of the Ngorongoro conservation area,
Statement of responsibility, etc compiled by G. H. Swynnerton [and others] With notes on the habitat and the mammals, by J. Goddard. Edited by S. A. ole Saibull.
260 ## - PUBLICATION, DISTRIBUTION, ETC. (IMPRINT)
Place of publication, distribution, etc [Ngorongoro Crater, Tanzania,
Name of publisher, distributor, etc The Conservator of Ngorongoro Conservation Unit,
Date of publication, distribution, etc 1966?]
300 ## - PHYSICAL DESCRIPTION
Extent 42 p.
350 ## - PRICE (NR) (BK AM CF MU VM SE) [OBSOLETE]
Price 3.00
440 #0 - SERIES STATEMENT/ADDED ENTRY--TITLE
Title Ngorongoro conservation area booklets,
Volume number/sequential designation no. 4
9 (RLIN) 10955
610 20 - SUBJECT ADDED ENTRY--CORPORATE NAME
Corporate name or jurisdiction name as entry element Ngorongoro Game Control Area Reserve (Tanzania)
9 (RLIN) 10956
650 #0 - SUBJECT ADDED ENTRY--TOPICAL TERM
Topical term or geographic name as entry element Mammals
Geographic subdivision Tanzania.
9 (RLIN) 10957
700 1# - ADDED ENTRY--PERSONAL NAME
Personal name Swynnerton, G. H.,
Dates associated with a name 1913-
9 (RLIN) 10958
700 1# - ADDED ENTRY--PERSONAL NAME
Personal name Goddard, John,
Dates associated with a name 1936-
9 (RLIN) 10959
906 ## - LOCAL DATA ELEMENT F, LDF (RLIN)
a 7
b cbc
c orignew
d 3
e ncip
f 19
g y-gencatlg
942 ## - ADDED ENTRY ELEMENTS (KOHA)
Source of classification or shelving scheme Library of Congress Classification
Koha item type SPC
Holdings
Withdrawn status Lost status Source of classification or shelving scheme Damaged status Not for loan Collection code Home library Current library Shelving location Date acquired Total Checkouts Full call number Barcode Date last seen Price effective from Koha item type
    Library of Congress Classification     SPECIAL Collection ARRUPE LIBRARY ARRUPE LIBRARY Main Collection 12/06/2014   SPC QL471.T35 N45 46500000544 12/06/2014 12/06/2014 SPC

 

Arrupe Library. PO Box MP320 Mt Pleasant, Harare, Zimbabwe
263 242 745411|librarian@aju.ac.zw